000 00367nam a2200145Ia 4500
008 150201s2006 xx 000 0 und d
082 _a617.645
_bP2006S
100 _aSHEIHAM,AUBREY
245 _aPROMOTING CHILDERNS ORAL HEALTH
250 _a1ST
260 _bQUINTESSENCE PUBLICATION
_aCHICAGO
_c2006
300 _a1-191
650 _aPEDODONTICS
942 _2ddc
_cBK
999 _c4646
_d4646